|
|
|
|
| LEADER |
00000naa2a2200000 4500 |
| 001 |
77990 |
| 005 |
20231031093628.0 |
| 035 |
|
|
|a (RuTPU)RU\TPU\book\83597
|
| 090 |
|
|
|a 77990
|
| 100 |
|
|
|a 20050606d2001 k y0rusy50 ca
|
| 101 |
0 |
|
|a rus
|
| 102 |
|
|
|a RU
|
| 200 |
1 |
|
|a Гуманитарная культура и техническое образование
|f О. С. Кексель
|
| 463 |
|
0 |
|0 (RuTPU)RU\TPU\book\25682
|t Воспитание личности на рубеже веков: взгляд из Сибири
|o тезисы 2-й межвузовской научно-практической конференции, 20-21 февраля, 2001 г., Томск
|f ТПУ
|v С. 153-154.
|d 2001
|p 192 с.
|
| 610 |
1 |
|
|a техническое образование
|
| 610 |
1 |
|
|a гуманитарная культура
|
| 610 |
1 |
|
|a гуманитарная подготовка
|
| 610 |
1 |
|
|a высшая школа
|
| 610 |
1 |
|
|a высшее образование
|
| 610 |
1 |
|
|a подготовка студентов
|
| 610 |
1 |
|
|a инженерное образование
|
| 610 |
1 |
|
|a труды учёных ТПУ
|
| 700 |
|
1 |
|a Кексель
|b О. С.
|c специалист в области культурологии и социальной коммуникации
|c доцент Томского политехнического университета, кандидат философских наук
|f 1976-
|g Ольга Сергеевна
|2 stltpush
|3 (RuTPU)RU\TPU\pers\24731
|
| 801 |
|
1 |
|a RU
|b 63413507
|c 20050606
|g PSBO
|
| 801 |
|
2 |
|a RU
|b 63413507
|c 20160215
|g PSBO
|
| 942 |
|
|
|c BK
|